000 00369nam a2200157Ia 4500
008 230524s9999 xx 000 0 und d
082 _a511.5
_bWES
100 _aDouglas B.West
245 0 _aIntroduction to Graph Theory
250 _a2ND
260 _aNEW DELHI
_bPHI
_c2002
300 _aX;575
500 _aQuantity Number: 2
650 _aComp-Sc
942 _cBK
999 _c31677
_d31677